Vymáhanie neoprávnene vyplatených finančných prostriedkov a sankcie

Nariadenie Rady č. 2988/95, v ktorom sa ustanovuje, že členské štáty sú povinné prijať účinné, primerané a odrádzajúce opatrenia a sankcie prijaté členskými štátmi EÚ s cieľom poskytnúť primeranú ochranu finančných záujmov EÚ. Vysporiadanie finančných vzťahov v zmysle platnej legislatívy.

Guardado en:
Detalles Bibliográficos
Autor principal: Brindzová, Zuzana
Formato: Capítulo de libro
Lenguaje:eslovaco
Materias:
Etiquetas: Agregar Etiqueta
Sin Etiquetas, Sea el primero en etiquetar este registro!

MARC

LEADER 00000nla a2200000 4500
001 0200147
005 20240502073403.8
041 0 |a slo 
044 |a SK 
245 1 0 |a Vymáhanie neoprávnene vyplatených finančných prostriedkov a sankcie  |c Zuzana Brindzová 
520 |a Nariadenie Rady č. 2988/95, v ktorom sa ustanovuje, že členské štáty sú povinné prijať účinné, primerané a odrádzajúce opatrenia a sankcie prijaté členskými štátmi EÚ s cieľom poskytnúť primeranú ochranu finančných záujmov EÚ. Vysporiadanie finančných vzťahov v zmysle platnej legislatívy. 
610 2 0 |a financie verejné 
610 2 0 |a sankcie 
610 2 0 |a disciplína finančná 
610 2 0 |a legislatíva 
610 2 0 |a Európska únia 
610 2 0 |a Slovensko 
100 1 |a Brindzová, Zuzana